| 000 | 00782nam a2200229Ia 4500 | ||
|---|---|---|---|
| 003 | GCL | ||
| 008 | 140319s9999 xx 000 0 ara d | ||
| 040 |
_aGCL / _cGCL |
||
| 082 | 0 | 4 |
_a260.92 _bع م |
| 100 | 1 | _aبن العريف، أبو العباس أحمد بن | |
| 245 | 1 | 0 |
_aمفتاح السعادة وتحقيقة طريق السعادة / _cبن العريف، أبو العباس أحمد بن |
| 700 | 1 | _aابوبكر عتيق بن مؤمن | |
| 700 | 1 | _aعصمت عبد اللطيف دنش (تحقيق) | |
| 260 |
_a[S.N] : _bدار الغرب الاسلامى ، _c1993 |
||
| 300 | _a263 ص | ||
| 490 | _a | ||
| 650 | 0 | 4 | _aالتصوف الاسلامى |
| 650 | 0 | 4 | _aالاندلس |
| 650 | 0 | 4 | _aالمرابطون |
| 650 | 0 | 4 | _aالزهد |
| 942 |
_2ddc _cBK |
||
| 999 |
_c37296 _d37296 |
||